00322nam a2200133Ia 4500008004100000041000800041082001400049100001700063245003200080250001400112260003900126300001600165365000700181240624s9999 xx 000 0 und d aeng a519.2 ROS aROSS SHELDON aFIRST COURSE IN PROBABILITY a(6th ed.) c2004aNew DelhibPearson Education aviii, : 520 cRS